The whole truth / (Record no. 232870)

000 -LEADER
fixed length control field 01165cam a2200289 a 4500
001 - CONTROL NUMBER
control field 15141013
003 - CONTROL NUMBER IDENTIFIER
control field Nust
005 - DATE AND TIME OF LATEST TRANSACTION
control field 20170224105320.0
008 - FIXED-LENGTH DATA ELEMENTS--GENERAL INFORMATION
fixed length control field 080114s2008 nyu 000 1 eng
010 ## - LIBRARY OF CONGRESS CONTROL NUMBER
LC control number 2008001144
020 ## - INTERNATIONAL STANDARD BOOK NUMBER
International Standard Book Number 9780330517775
040 ## - CATALOGING SOURCE
Original cataloging agency DLC
Transcribing agency DLC
Modifying agency DLC
050 00 - LIBRARY OF CONGRESS CALL NUMBER
Classification number PS3552.A446
Item number W48 2008
082 00 - DEWEY DECIMAL CLASSIFICATION NUMBER
Classification number 813.54
Author Mark BAL
100 1# - MAIN ENTRY--PERSONAL NAME
Personal name Baldacci, David.
245 14 - TITLE STATEMENT
Title The whole truth /
Statement of responsibility, etc. David Baldacci.
250 ## - EDITION STATEMENT
Edition statement 1st ed.
260 ## - PUBLICATION, DISTRIBUTION, ETC.
Place of publication, distribution, etc. New York :
Name of publisher, distributor, etc. Grand Central Pub.,
Date of publication, distribution, etc. 2008.
300 ## - PHYSICAL DESCRIPTION
Extent 548 p. ;
Dimensions 24 cm.
650 #0 - SUBJECT ADDED ENTRY--TOPICAL TERM
Topical term or geographic name entry element International relations
Form subdivision Fiction.
655 #7 - INDEX TERM--GENRE/FORM
Genre/form data or focus term Suspense fiction.
Source of term gsafd
655 #0 - INDEX TERM--GENRE/FORM
Genre/form data or focus term Political fiction.
856 42 - ELECTRONIC LOCATION AND ACCESS
Materials specified Contributor biographical information
Uniform Resource Identifier <a href="http://www.loc.gov/catdir/enhancements/fy0808/2008001144-b.html">http://www.loc.gov/catdir/enhancements/fy0808/2008001144-b.html</a>
856 42 - ELECTRONIC LOCATION AND ACCESS
Materials specified Publisher description
Uniform Resource Identifier <a href="http://www.loc.gov/catdir/enhancements/fy0808/2008001144-d.html">http://www.loc.gov/catdir/enhancements/fy0808/2008001144-d.html</a>
906 ## - LOCAL DATA ELEMENT F, LDF (RLIN)
a 7
b cbc
c orignew
d 1
e ecip
f 20
g y-gencatlg
942 ## - ADDED ENTRY ELEMENTS (KOHA)
Source of classification or shelving scheme
Koha item type Book
Holdings
Withdrawn status Lost status Source of classification or shelving scheme Damaged status Not for loan Collection code Permanent Location Current Location Shelving location Date acquired Total Checkouts Total Renewals Full call number Barcode Date last seen Date last checked out Copy number Price effective from Koha item type
            Central Library (CL) Central Library (CL) Fiction 02/24/2017 2 5 813.54 BAL CL2928 10/22/2024 07/21/2022 1 02/24/2017 Book
© 2023 Central Library, National University of Sciences and Technology. All Rights Reserved.